La repristinación no está reservada a los dioses. (Registro nro. 21507)

Detalles MARC
000 -LEADER
fixed length control field 00347 a2200109 4500
001 - CONTROL NUMBER
control field ART_56739
005 - DATE AND TIME OF LATEST TRANSACTION
control field 20260410161811.0
008 - FIXED-LENGTH DATA ELEMENTS--GENERAL INFORMATION
fixed length control field 260409a
100 1# - MAIN ENTRY--PERSONAL NAME
Personal name Truffat, Edgardo Daniel
245 10 - TITLE STATEMENT
Title La repristinación no está reservada a los dioses.
773 0# - HOST ITEM ENTRY
Title Doctrina Societaria y Concursal
Related parts - N° 417 (ago. 2022)
Record control number REV4298

No hay ítems disponibles.